000 00669nam a2200205Ia 4500
003 OSt
005 20241121122433.0
008 210716s2006 xx 000 0 und d
020 _a8131400808
040 _cAIMIT LIBRARY
041 _aeng
082 _a001.0726583
_21
_bCHAS
245 _aEffective psychological contract :
_bimplications for HR practices /
_cEdited by Sushama Chaudhari.
250 _a1st ed.
260 _aHyderabad :
_bICFAI University Press ,
_c2006.
300 _aviii,211p. ;
_bPB
_c24.1 cm
650 _aPsychological contract :the concepts
_9185963
700 _aChaudhari, Sushma., ed.
_9185964
942 _2ddc
_cBK
_e1st
_k001.0726583 CHAS
999 _c202318
_d202318